书目信息 |
| 题名: |
遥感多分类器集成方法与应用
|
|
| 作者: | 杜培军 , 夏俊士 , 苏红军 编著 | |
| 分册: | ||
| 出版信息: | 北京 科学出版社 2019 |
|
| 页数: | 223页 | |
| 开本: | 26cm | |
| 丛书名: | 地球观测与导航技术丛书 | |
| 单 册: | ||
| 中图分类: | TP75 | |
| 科图分类: | ||
| 主题词: | 遥感图象--图象处理 | |
| 电子资源: | ||
| ISBN: | 978-7-03-062736-0 | |
| 000 | 01089nam2 2200289 450 | |
| 001 | 2261639431 | |
| 005 | 20221007170734.73 | |
| 010 | @a978-7-03-062736-0@dCNY128.00 | |
| 100 | @a20200408d2019 em y0chiy50 ea | |
| 101 | 0 | @achi |
| 102 | @aCN@b110000 | |
| 105 | @aa z 000yy | |
| 200 | 1 | @a遥感多分类器集成方法与应用@9yao gan duo fen lei qi ji cheng fang fa yu ying yong@f杜培军等编著 |
| 210 | @a北京@c科学出版社@d2019 | |
| 215 | @a223页@c图@d26cm | |
| 225 | 2 | @a地球观测与导航技术丛书 |
| 300 | @a“十三五”国家重点出版物出版规划项目 国家自然科学基金项目 江苏省自然科学基金项目 国家高技术研究发展计划(“863计划”)课题 | |
| 304 | @a编著者还有:夏俊士、苏红军、谭琨等 | |
| 330 | @a本书在介绍遥感影像分类、集成学习和多分类器系统基本知识的基础上,对遥感多分类器集成的理论、方法和应用进行系统探讨。 | |
| 461 | 0 | @12001 @a地球观测与导航技术丛书 |
| 606 | 0 | @a遥感图象@x图象处理 |
| 690 | @aTP75@v5 | |
| 701 | 0 | @a杜培军@9du pei jun@4编著 |
| 701 | 0 | @a夏俊士@9xia jun shi@4编著 |
| 701 | 0 | @a苏红军@9su hong jun@4编著 |
| 801 | 0 | @aCN@b91MARC@c20200408 |
| 905 | @aZUCC@dTP75@e1 | |
| 遥感多分类器集成方法与应用/杜培军等编著.-北京:科学出版社,2019 |
| 223页:图;26cm.-(地球观测与导航技术丛书) |
| “十三五”国家重点出版物出版规划项目 国家自然科学基金项目 江苏省自然科学基金项目 国家高技术研究发展计划(“863计划”)课题 |
| ISBN 978-7-03-062736-0:CNY128.00 |
| 本书在介绍遥感影像分类、集成学习和多分类器系统基本知识的基础上,对遥感多分类器集成的理论、方法和应用进行系统探讨。 |
| ● |
| 相关链接 |
|
|
|
正题名:遥感多分类器集成方法与应用
索取号:TP75/1
 
预约/预借
| 序号 | 登录号 | 条形码 | 馆藏地/架位号 | 状态 | 备注 |
| 1 | 2000912071 | 2000912071 | 第三书库/ [索取号:TP75/1] | 在馆 | |
| 2 | 2000912072 | 2000912072 | 第三书库/ [索取号:TP75/1] | 在馆 | |
| 3 | 2000912073 | 2000912073 | 第三书库/ [索取号:TP75/1] | 在馆 |